Stalinismus

Titel: Stalinismus : der Autor im Gespräch mit Jürgen Weidlich / Heinz Kühnrich
Verfasser:
Veröffentlicht: Berlin : Dietz, 1990
Umfang: 96 S.
Format: Buch
Sprache: Deutsch
RVK-Notation:
Schlagworte:
ISBN: 3320015621
Buchumschlag
X
Lokale Klassifikation: 41 7 Mk ; 1 7 Mk
alg: 1283019
001A    $06000:10-07-90 
001B    $01999:28-04-23 $t19:15:45.000 
001C    $03004:03-05-12 $t09:05:33.000 
001D    $00000:00-00-00 
001U    $0utf8 
001X    $00 
002@    $0Aaxc 
003@    $0012830194 
004A    $03-320-01562-1 
006G    $0900866098 
006U    $090,A28,1140 
007A    $0900866098 $aDNB 
007G    $0DE020B9753AC965BAF68BC12579F7003FD117 
009P    $qapplication/pdf $A2 $3Inhaltsverzeichnis $uhttp://scans.hebis.de/HEBCGI/show.pl?01283019_toc.pdf $mV:DE-603;B:DE-Mb50 
010@    $ager 
011@    $a1990 $n1990 
015@    $00 
021A    $a@Stalinismus $dder Autor im Gespräch mit Jürgen Weidlich $hHeinz Kühnrich 
028A    $7120982005 $8Kühnrich, Heinz$Z1935- [Tp1] $9152465065 
033A    $pBerlin $nDietz 
034D    $a96 S. 
041A    $RKommunismus $REntstalinisierung $#Stalinisme $#Stalinismus $74056883-0 $8Stalinismus [Ts1] $9085158437 
045E    $a63 
045F    $a909 $eDDC23BSB 
045F/01 $a909 
045F/03 $f0904 
045F/03 $g471 
045F/03 $g4 
045Z    $8NQ 5070 [Tkv] $941091505X 

lok: 1283019 24
101B    $003-05-12 $t09:56:31.000 
101C    $003-05-12 
101U    $0utf8 
145Z/01 $a41 7 Mk 
145Z/02 $a1 7 Mk 

exp: 1283019 24 1 #EPN
201B/01 $003-05-12 $t09:56:31.000 
201C/01 $003-05-12 
201U/01 $0utf8 
203@/01 $0642114536 
208@/01 $a03-05-12 $bz 
209A/01 $a12.02279 $du $f050 $h12 02279 $x00 
209C/01 $a12.02279 T $h12 02279 T 
209G/01 $a73058317 $x00 
220C/01 $ahae 
247C/01 $8358050-7 Marburg, Bibliothek des Herder-Instituts Marburg $9102600961
LEADER 00000cam a22000002c 4500
001 012830194
003 DE-603
005 20230428191545.0
007 tu
008 900710s1990 xx |||| | u00||u|ger
015 |a 90,A28,1140  |2 dnb 
016 7 |2 DE-101  |a 900866098 
020 |a 3320015621 
035 |a (DE-599)DNB900866098 
040 |a DE-603  |b ger  |c DE-603  |d DE-603 
041 |a ger 
082 0 4 |8 1\u  |a 909  |q DE-101  |2 23/BSB 
084 |a 63  |q DE-101  |2 sdnb 
084 |a NQ 5070  |0 (DE-625)128534:  |0 (DE-603)41091505X  |2 rvk 
085 |8 1\u  |b 909 
085 |8 1\u  |z 1  |s 0904 
085 |8 1\u  |z 2  |s 471 
085 |8 1\u  |z 2  |s 4 
100 1 |a Kühnrich, Heinz  |d 1935-  |0 (DE-603)152465065  |0 (DE-588)120982005  |2 gnd 
245 0 0 |a Stalinismus  |b der Autor im Gespräch mit Jürgen Weidlich  |c Heinz Kühnrich 
264 1 |a Berlin  |b Dietz  |c 1990 
300 |a 96 S. 
650 7 |a Stalinismus  |0 (DE-588)4056883-0  |0 (DE-603)085158437  |2 gnd 
856 4 2 |m V:DE-603;B:DE-Mb50  |q application/pdf  |u http://scans.hebis.de/HEBCGI/show.pl?01283019_toc.pdf  |3 Inhaltsverzeichnis 
924 0 |9 Mb 50  |a (DE-603)642114536  |b DE-Mb50  |c HES  |d c  |g 12.02279